[Event "Llinars del Valles op 11th B"]
[Site "Llinars del Valles"]
[Date "2017.05.13"]
[Round "4.8"]
[White "Panades Catarineu, Nuria"]
[Black "Gayoso Rodriguez, Jaume Eduard"]
[Result "0-1"]
[WhiteElo "1416"]
[BlackElo "1813"]
[PlyCount "120"]
[EventDate "2017.04.22"]
[EventType "swiss"]
[EventRounds "9"]
[EventCountry "ESP"]
[SourceTitle "EXT 2024"]
[Source "ChessBase"]
[SourceDate "2023.10.10"]
[SourceVersion "1"]
[SourceVersionDate "2023.10.10"]
[SourceQuality "1"]

1. e4 c5 2. Nc3 d6 3. g3 Nf6 4. Bg2 e5 5. Nf3 Bg4 6. d3 Be7 7. 0-0 Nc6 8. Be3 Nd4 9. Bxd4 cxd4 10. Ne2 Qd7 11. c3 dxc3 12. bxc3 0-0 13. Qc2 Bh3 14. d4 Bxg2 15. Kxg2 Qc6 16. Nd2 Rac8 17. Qd3 Nd7 18. Rfd1 d5 19. Kg1 Rfd8 20. exd5 Qxd5 21. c4 e4 22. cxd5 exd3 23. Nf4 Nb6 24. Nxd3 Rxd5 25. Nf3 Bf6 26. Nf4 Rd7 27. Ne2 Re8 28. Kf1 Nd5 29. Rab1 Rxe2 30. Kxe2 Nc3+ 31. Ke3 Nxb1 32. Rxb1 Kf8 33. Rd1 Ke7 34. d5 Kd6 35. Ke4 Re7+ 36. Kf4 Re2 37. Rd2 Rxd2 38. Nxd2 Kxd5 39. f3 Be5+ 40. Kg4 g6 41. Kh3 f5 42. f4 Bd4 43. Nf3 Bf6 44. Kg2 a5 45. Ne1 b5 46. Nc2 b4 47. Kf2 Bd4+ 48. Ke2 Kc4 49. Kd2 Bg1 50. h3 a4 51. Kc1 Bc5 52. Kb1 b3 53. axb3+ axb3 54. Na1 Bd4 55. Nc2 bxc2+ 56. Kxc2 Bf2 57. g4 Be3 58. gxf5 gxf5 59. Kd1 Kd4 60. Ke2 Ke4 0-1

[Event "Llinars del Valles op 11th B"]
[Site "Llinars del Valles"]
[Date "2017.04.22"]
[Round "1.1"]
[White "Gayoso Rodriguez, Jaume Eduard"]
[Black "Ceruelo Santiveri, Oscar"]
[Result "1/2-1/2"]
[WhiteElo "1813"]
[BlackElo "1359"]
[PlyCount "75"]
[EventDate "2017.04.22"]
[EventType "swiss"]
[EventRounds "9"]
[EventCountry "ESP"]
[SourceTitle "EXT 2024"]
[Source "ChessBase"]
[SourceDate "2023.10.10"]
[SourceVersion "1"]
[SourceVersionDate "2023.10.10"]
[SourceQuality "1"]

1. e4 e5 2. Nf3 Nc6 3. Bb5 d6 4. c3 Nf6 5. d3 a6 6. Ba4 b5 7. Bc2 Bg4 8. Be3 Be6 9. Ng5 Bg4 10. f3 Bh5 11. 0-0 Be7 12. Qd2 d5 13. d4 h6 14. exd5 Nxd5 15. Ne4 Nxe3 16. Qxe3 exd4 17. cxd4 Qxd4 18. Qxd4 Nxd4 19. Bd3 0-0 20. Ng3 Bg6 21. Bxg6 fxg6 22. Nc3 Bc5 23. Kh1 Nf5 24. Nge4 Bd6 25. Rfe1 Rfe8 26. Re2 Be5 27. Rc1 Rad8 28. g3 Nd6 29. Rce1 Bxc3 30. Nxc3 Rxe2 31. Rxe2 Re8 32. Rc2 Nc4 33. Ne4 Re7 34. b3 Ne3 35. Re2 Nd5 36. a3 Kf8 37. Rc2 Ke8 38. Kg1 1/2-1/2

[Event "Llinars del Valles op-B 8th"]
[Site "Llinars del Valles"]
[Date "2014.06.21"]
[Round "8"]
[White "Maria Medina, Joan Josep"]
[Black "Gayoso Rodriguez, Jaume Eduard"]
[Result "1/2-1/2"]
[WhiteElo "1805"]
[BlackElo "1700"]
[PlyCount "57"]
[EventDate "2014.04.26"]
[EventType "swiss"]
[EventRounds "8"]
[EventCountry "ESP"]
[SourceTitle "EXT 2018"]
[Source "ChessBase"]
[SourceDate "2017.10.13"]
[SourceVersion "1"]
[SourceVersionDate "2017.10.13"]
[SourceQuality "1"]

1. b3 d5 2. Bb2 f6 3. e3 Nc6 4. Bb5 e5 5. Qh5+ g6 6. Qh4 Bd7 7. Nc3 Nb4 8. Bxd7+ Qxd7 9. 0-0-0 0-0-0 10. Kb1 Qf5 11. d3 g5 12. Qg3 Bd6 13. e4 Qe6 14. a3 d4 15. Nb5 Nc6 16. Nxd6+ cxd6 17. f3 Nge7 18. Ne2 h5 19. Qe1 h4 20. h3 Kb8 21. Qd2 Ng6 22. Rhg1 Rc8 23. Rc1 Rhg8 24. a4 Rg7 25. Ba3 Rgc7 26. Kb2 Nce7 27. Qb4 Rc6 28. Rgd1 Rb6 29. Qd2 1/2-1/2

[Event "Llinars del Valles op-B 8th"]
[Site "Llinars del Valles"]
[Date "2014.05.17"]
[Round "4"]
[White "Capallera Guirado, Ferran"]
[Black "Gayoso Rodriguez, Jaume Eduard"]
[Result "1-0"]
[WhiteElo "1867"]
[BlackElo "1700"]
[PlyCount "71"]
[EventDate "2014.04.26"]
[EventType "swiss"]
[EventRounds "8"]
[EventCountry "ESP"]
[SourceTitle "EXT 2015"]
[Source "ChessBase"]
[SourceDate "2014.11.20"]
[SourceVersion "1"]
[SourceVersionDate "2014.11.20"]
[SourceQuality "1"]

1. e4 c6 2. d4 d5 3. Nc3 dxe4 4. Nxe4 Bf5 5. Ng3 Bg6 6. h4 h6 7. Nf3 Nd7 8. h5 Bh7 9. Bd3 Bxd3 10. Qxd3 e6 11. Bd2 Ngf6 12. 0-0-0 Qc7 13. Rde1 0-0-0 14. c4 Bd6 15. Rh4 c5 16. Kb1 Ne5 17. dxe5 Bxe5 18. Qxd8+ Rxd8 19. Rxe5 Rd3 20. Re1 Qd7 21. Ne5 Qd6 22. Nxd3 Qxd3+ 23. Kc1 Nd7 24. Re3 Qd6 25. Ne4 Qe7 26. Rh1 Ne5 27. b3 f5 28. Nc3 Ng4 29. Re2 Nf6 30. Rhe1 Nxh5 31. Rxe6 Qh4 32. Re8+ Kd7 33. f3 Qd4 34. R1e7+ Kc6 35. Rc8+ Kb6 36. Re6+ 1-0

[Event "Llinars del Valles op-B 8th"]
[Site "Llinars del Valles"]
[Date "2014.05.10"]
[Round "3"]
[White "Gayoso Rodriguez, Jaume Eduard"]
[Black "Oms Bruguera, Arnau"]
[Result "1-0"]
[WhiteElo "1700"]
[BlackElo "1826"]
[PlyCount "101"]
[EventDate "2014.04.26"]
[EventType "swiss"]
[EventRounds "8"]
[EventCountry "ESP"]
[SourceTitle "EXT 2015"]
[Source "ChessBase"]
[SourceDate "2014.11.20"]
[SourceVersion "1"]
[SourceVersionDate "2014.11.20"]
[SourceQuality "1"]

1. e4 c6 2. d4 d5 3. Nc3 dxe4 4. Nxe4 Bf5 5. Ng3 Bg6 6. Nf3 Nd7 7. Bd3 Bxd3 8. Qxd3 e6 9. Be3 Ngf6 10. 0-0 Qc7 11. Rfd1 Be7 12. c4 0-0 13. c5 Rad8 14. Qe2 Nd5 15. Ne4 N7f6 16. Bg5 Nf4 17. Nxf6+ Bxf6 18. Bxf4 Qxf4 19. Qe3 Qf5 20. Rd3 Rd5 21. Re1 Rfd8 22. Qe4 Qxe4 23. Rxe4 Rxc5 24. dxc5 Rxd3 25. h3 Bxb2 26. Rb4 Bf6 27. Rxb7 a6 28. Rb6 Rd8 29. Rxc6 Ra8 30. Kf1 h6 31. Nd2 a5 32. Ne4 Bd4 33. a4 Ra7 34. Rc8+ Kh7 35. Ke2 Kg6 36. Kd3 Be5 37. c6 Rc7 38. Rxc7 Bxc7 39. Nc5 Bb6 40. Na6 Kf6 41. c7 Bxc7 42. Nxc7 Ke5 43. Nb5 Kd5 44. Nd4 Kc5 45. Kc3 g5 46. g4 Kd5 47. Nb3 f5 48. Nxa5 f4 49. Kd3 e5 50. f3 Kc5 51. Nb3+ 1-0

[Event "Llinars del Valles op-B 8th"]
[Site "Llinars del Valles"]
[Date "2014.04.26"]
[Round "1"]
[White "Gayoso Rodriguez, Jaume Eduard"]
[Black "Mallol Descarrega, Aleix"]
[Result "1/2-1/2"]
[WhiteElo "1700"]
[BlackElo "1858"]
[PlyCount "38"]
[EventDate "2014.04.26"]
[EventType "swiss"]
[EventRounds "8"]
[EventCountry "ESP"]
[SourceTitle "EXT 2015"]
[Source "ChessBase"]
[SourceDate "2014.11.20"]
[SourceVersion "1"]
[SourceVersionDate "2014.11.20"]
[SourceQuality "1"]

1. e4 e5 2. Nf3 Nc6 3. Bc4 Bc5 4. c3 Nf6 5. 0-0 d6 6. d4 exd4 7. cxd4 Bb6 8. Bg5 h6 9. Bh4 g5 10. e5 gxh4 11. exf6 Qxf6 12. Re1+ Ne7 13. Nc3 c6 14. Ne4 Qf4 15. g3 Rg8 16. Kh1 Bh3 17. Nxh4 Qxh4 18. Nxd6+ Kd7 19. Nxf7 Nd5 1/2-1/2